Регионална библиотека "Любен Каравелов" - Русе

Божествен аромат (Запис номер 438995)

MARC детайли
000 -Лидер
Контролно поле с фиксирана дължина 00987nam a2200265 a 4500
003 - Код на организацията, давaща контролен номер
Контролно поле BLK
005 - Дата и час на последна редакция
Контролно поле 20250721115203.0
008 - Елементи от данни с фиксирана дължина
fixed length control field 201211b bu |||||r|||| 00| | bu d
020 ## - Международен стандартен номер на книга ISBN
Международен стандартен номер на книга ISBN 9789542725930
040 ## - Източник на каталожния запис
Идентификатор на билиотеката - собственик на записа BLK
041 ## - Код за език
Код за езика на текст/звукозапис или на отделно заглавие Български
Код за езика КДБФ Български
080 ## - УДК
Текстов определител УДК Българска литература
УДК код - определител по УДК 821.163.2
УДК определител -312.4
УДК - код + определител 821.163.2-312.4
100 ## - Редна дума - Автор
R(LIN) 1299
Автор Лаптева, Гергана Гришева
Авторска отговорност първи автор
139 ## - Редно поле
Редна дума Лаптева, Гергана Гришева
Авторски знак Лап - Л 24
245 ## - Сведения за заглавието
Заглавие Божествен аромат
Подзаглавни данни роман
Редно поле (дума) Гергана Лаптева
260 ## - Област на издателските данни
9 (RLIN) 390250
Място на издаване, разпространение и проч. София
Име на издателя, разпространителя и проч. Анишър
Година на издаване 2021
Печатница (София : Инвестпрес)
300 ## - Физическа характеристика
Страници 448 с.
Размери/Мащаб 21 см
380 ## - Жанр
Жанр Худож. лит.
500 ## - Общи забележки
Забележка Анишър - търг. марка на Егмонт България;<br/>За автора: с. 448.
852 ## - Местоположение
Форматна сигнатура Цб
Фондова буква Хранилище
942 ## - АРТИКУЛИ
Вид на библиотечния материал Книги
Скрит в OPAC Не
Периодичен библиозапис Да
Koha issues (borrowed), all copies 22
944 ## - СЪЗДАВАНЕ И РЕДАКЦИЯ на ЗАПИСА
Създаване/Редакция Създаване
Служител, извършил регистрацията/редакцията 30575
Статус, дата на статуса Мартин Енчев
999 ## - СИСТЕМНИ КОНТРОЛНИ НОМЕРА
Koha biblionumber 438995
Koha biblioitemnumber 438995
999 ## - СИСТЕМНИ КОНТРОЛНИ НОМЕРА
Koha biblioitemnumber 438995
999 ## - СИСТЕМНИ КОНТРОЛНИ НОМЕРА
Koha biblioitemnumber 392272
Наличности
Код за отписване Код за изгубен артикул Източник на класификационната схема Код за повреда Коз за рестрикции Код за отдаване Артикулен № Име на библиотеката - собственик Име на библиотеката, в която се намира в момента Статус (Текущо местоположение) Дата на вписване в системата Местоположение - отдел Цена в лева Систематично азбучна сигнатура Баркод Цена в евро Служебен тип на артикула Инвентарен номер
  Не е изгубен Universal Decimal Classification Не е повреден само за читалня ползва се в читалня 868196 Регионална библиотека "Любен Каравелов" Русе Регионална библиотека "Любен Каравелов" Русе Хранилище 2022-01-18 Хранилище 19.90 Цб 310227 120000863981 10.17 Книги  
  Не е изгубен Universal Decimal Classification Не е повреден   заемане за дома 943878 Регионална библиотека "Любен Каравелов" Русе Регионална библиотека "Любен Каравелов" Русе Заемна - подръчен фонд 2024-06-11 Заемна - подръчен фонд 12.77 821.163.2-31/Л 24 Г 120000908989 6.53 Книги 120000908989
  Не е изгубен Universal Decimal Classification Не е повреден   заемане за дома 943879 Регионална библиотека "Любен Каравелов" Русе Регионална библиотека "Любен Каравелов" Русе Заемна - подръчен фонд 2024-06-11 Заемна - подръчен фонд 12.77 821.163.2-31/Л 24 Г 120000908988 6.53 Книги 120000908988
Vip Innovations Ltd, Rousse, Bulgaria 2025